Qabus Namah (Record no. 5076)

MARC details
000 -LEADER
fixed length control field 00549nam a2200241 a 4500
020 ## - INTERNATIONAL STANDARD BOOK NUMBER
ISBN
082 00 - DEWEY DECIMAL CLASSIFICATION NUMBER
Classification number 955.02
Author Cutter QAB
100 ## - MAIN ENTRY--AUTHOR NAME
Author name Qabus, Sultan
245 ## - TITLE STATEMENT
Title Qabus Namah
260 ## - PUBLICATION, DISTRIBUTION, ETC. (IMPRINT)
Place of publication Bombay
Name of publisher No Publishers
Year of publication 1991
300 ## - PHYSICAL DESCRIPTION
Number of Pages 196p
500 ## - GENERAL NOTE
General note includes index and biblioraphy
505 2# - FORMATTED CONTENTS NOTE
Formatted contents note archives
650 ## - SUBJECT ADDED ENTRY--TOPICAL TERM
Topical Term Iran-History
942 ## - ADDED ENTRY ELEMENTS (KOHA)
Koha item type Books
700 1# -
-- Qabus, Sultan
Holdings
Collection code Home library Current library Date acquired Cost, normal purchase price Full call number Accession Number Koha item type
  Henry Martyn Institute Library Henry Martyn Institute Library 05/29/2007 100.00 955.02 QAB 06393 Books
                   Copyright © 2026 | Henry Martyn Institute | Hyderabad | TS-500052 | INDIA | Implemented by hmi.edu.in
Hit-Count:

Powered by Koha